书目信息 |
| 题名: |
现代应用生物技术
|
|
| 作者: | 刘仲敏 主编 | |
| 分册: | ||
| 出版信息: | 北京 化学工业出版社 2004.10 |
|
| 页数: | 629页 | |
| 开本: | 26cm | |
| 丛书名: | ||
| 单 册: | ||
| 中图分类: | Q819 | |
| 科图分类: | ||
| 主题词: | 生物工程 | |
| 电子资源: | ||
| ISBN: | 7-5025-6000-9 | |
| 000 | 00565nam0 2200193 450 | |
| 001 | 0553263806 | |
| 005 | 20061116092040.56 | |
| 010 | @a7-5025-6000-9@b精@d98.00CNY | |
| 100 | @a20050608d2004 km y0chiy0120 ea | |
| 101 | 0 | @achi |
| 102 | @aCN@b110000 | |
| 200 | 1 | @a现代应用生物技术@Axian dai ying yong sheng wu ji shu@f刘仲敏等主编@Fliu zhong min deng zhu bian |
| 210 | @a北京@c化学工业出版社@d2004.10 | |
| 215 | @a629页@d26cm | |
| 606 | 0 | @a生物工程 |
| 690 | @aQ819@v4 | |
| 701 | 0 | @a刘仲敏@Aliu zhong min@4主编 |
| 801 | 0 | @aCN@c20061116 |
| 905 | @a10447@dQ819@eL734 | |
| 现代应用生物技术/刘仲敏等主编.-北京:化学工业出版社,2004.10 |
| 629页;26cm |
| ISBN 7-5025-6000-9(精):98.00CNY |
| ● |
| 相关链接 |
|
|
|
正题名:现代应用生物技术
索取号:Q819/L734
 
预约/预借
| 序号 | 登录号 | 条形码 | 馆藏地/架位号 | 状态 | 备注 |
| 1 | 536365 | 205363658 | 自科库401/401自科库 32排4列4层/ [索取号:Q819/L734] | 在馆 | |
| 2 | 536366 | 205363667 | 自科库401/401自科库 32排4列4层/ [索取号:Q819/L734] | 在馆 | |
| 3 | 551505 | 205515058 | 自科二线504/504自科库 37排2列3层/ [索取号:Q819/L734] | 在馆 | |
| 4 | 551506 | 205515067 | 自科二线504/504自科库 37排2列3层/ [索取号:Q819/L734] | 在馆 | |
| 5 | 551507 | 205515076 | 自科二线504/504自科库 37排2列3层/ [索取号:Q819/L734] | 在馆 | |
| 6 | 551508 | 205515085 | 自科二线504/504自科库 37排2列3层/ [索取号:Q819/L734] | 在馆 | |
| 7 | 551509 | 205515094 | 自科二线504/504自科库 37排2列3层/ [索取号:Q819/L734] | 在馆 | |
| 8 | 638886 | 206388862 | 自科库401/401自科库 32排4列4层/ [索取号:Q819/L734] | 在馆 |